1910 1174 1802 1225 1264 1514 1568 1640 1927 1641 1132 1191 1923 1322 1123 1706 1248 1518 1430 1612 1692 1682 1076 1119 2000 1487 1791 1489 1338 1421 1805 1496 1007 1103 1757 1131 1841 1708 1134 1920 1588 1266 1084 1091 1565 1885 1640 1423 1393 1084 1241 1598 1028 1999 1132 1297 1325 1098 1317 1832 1703 1251 1095 1991 1200 1639 1290 1523 1542 1481 1440 1395 1340 1175 1685 1540 1723 1731 1466 1307 1796 1109 1183 1404 1154 1400 1662 1360 1290 1661 1542 1362 1993 1082 1815 1125 1336 1697 1867 BCNSPRNW ULIB Ver.6.0+V

เปลี่ยนเป็นภาษาไทย

Change to English
 แสดงรายละเอียดบรรณานุกรม
  กลับหน้าหลัก

Brief Record : Get Marc (ISO 2709) : E-mail record : QR code < ปิดหน้าต่าง
LEADER : 00000nam 2200000uu 4500
001    13399120164
003     ULIB
008    120905s2543||||th 000 0 tha d
020    ^a9742935408
060  4 ^aWY105^bม121ร
100 0  ^aมณฑาทิพย์ ไชยศักดิ์
245 10 ^aระเบียบวิธีการสอนการพยาบาลในคลินิก /^cมณฑาทิพย์ ไชยศักดิ์
250    ^aพิมพ์ครั้งที่ 1
260    ^aนนทบุรี :^bโครงการสวัสดิการวิชาการ สถาบันพระบรมราชชนก,^c2543
300    ^a102 หน้า
650  7 ^aการพยาบาล^xการศึกษาและการสอน
710 2  ^aสถาบันพระบรมราชชนก.^bโครงการสวัสดิการวิชาการ
945    ^p100^l0^i032780
945    ^p100^l0^i032781
995    ^aทศพร
999    ^aทศพร
รายการนี้ยังไม่มีแท็ก
คุณยังไม่ได้ล็อกอิน คุณสามารถมีกิจกรรมร่วมกับเว็บไซต์ได้ แต่ต้องล็อกอินก่อน ::
  ล็อกอิน

รายการสื่อสารสนเทศ

ลำดับที่ ประเภท เลขเรียก/บาร์โค้ด สถานที่ สถานะ
- ไม่พบข้อมูล -

รายการใกล้เคียง
    ผู้แต่ง [มณฑาทิพย์ ไชยศักดิ์]

BibComment


ยังไม่เคยถูกคอมเมนท์

คอมเมนท์ทรัพยากรรายการนี้
  คอมเมนท์: ระเบียบวิธีการสอ..


 Copyright 2026. Bcnsprnw @Library